All Incorporated Municipalities of Warren County, New York - Statistics

General Stats
  • This quiz has been taken 7 times
  • The average score is 12 of 13
Answer Stats
Answer % Correct
Bolton
100%
Glens Falls
100%
Hague
100%
Horicon
100%
Johnsburg
100%
Lake George
100%
Lake George
100%
Lake Luzerne
100%
Queensbury
100%
Warrensburg
100%
Chester
80%
Thurman
80%
Stony Creek
60%
No matching quizzes found
Score Distribution
Percent of People with Each Score
Percentile by Number Answered
Your Score History
You have not taken this quiz